000 00722nam a2200277Ia 4500
003 OSt
005 20221006144330.0
006 a|||||r|||| 00| 0
007 ta
008 221006b |||||||| |||| 00| 0 eng d
020 _a0802706215
_c86.57
020 _a9780802706218
024 _a11,431
037 _cTextual
040 _aEASL
_cEASL
_beng
041 _2eng
_aeng
082 _aU8.41.N77, L9
100 _aSALISBURY Charlotte Y.
_9400310
245 0 _aChina diary
_b After Mao
260 _aNew York
_bWalker and Comany
_c1979
300 _a214p.
_ccm.
490 _v CEL
650 _aCEL
942 _hU8.41.N77, L9
_cTEXL
_2CC
999 _c1079517
_d1079517